Sports Quiz

Random Sports or Baseball Quiz

MLB All-Time Starting Nines By HR Quiz Stats

Quiz Updated Jul 3, 2017

Challenge
Share
Tweet
Embed
Score 0/270 Timer 20:00
17 Plays Today
Team Player % Correct
New York YankeesAlex Rodriguez
86.3%
Seattle MarinersAlex Rodriguez
86.3%
Texas RangersAlex Rodriguez
86.3%
Texas RangersIvan Rodriguez
86%
Atlanta BravesAndruw Jones
85.4%
Boston Red SoxTed Williams
85%
San Francisco GiantsMatt Williams
84.8%
Chicago CubsBilly Williams
84.7%
Baltimore OriolesKen Williams
84.6%
Philadelphia PhilliesCy Williams
84.6%
New York YankeesBabe Ruth
84.4%
New York YankeesBabe Ruth
83.9%
San Francisco GiantsBarry Bonds
82.9%
Atlanta BravesHank Aaron
81.8%
Minnesota TwinsJason Kubel and David Ortiz
80.8%
Boston Red SoxDavid Ortiz
80.7%
Arizona DiamondbacksLuis Gonzalez
80%
San Diego PadresAdrian Gonzalez
79.9%
Toronto Blue JaysAlex Gonzalez
79.8%
New York YankeesDerek Jeter
79.6%
Seattle MarinersKen Griffey, Jr.
79.5%
Cleveland IndiansManny Ramirez
79.2%
Miami MarlinsHanley Ramirez
79%
New York YankeesMickey Mantle
78.6%
Chicago CubsSammy Sosa
78.2%
Chicago White SoxFrank Thomas
77.5%
Baltimore OriolesCal Ripken, Jr.
77.3%
Milwaukee BrewersGorman Thomas
77.3%
Houston AstrosJeff Bagwell
77%
Cincinnati RedsJohnny Bench
76.9%
San Francisco GiantsWillie Mays
76.8%
New York YankeesLou Gehrig
75.5%
Baltimore OriolesFrank Robinson
75.5%
Baltimore OriolesBrooks Robinson
75.5%
Houston AstrosCraig Biggio
75.4%
Oakland AthleticsMark McGwire
75%
New York YankeesYogi Berra
74.9%
St. Louis CardinalsAlbert Pujols
74.9%
Colorado RockiesTodd Helton
74.7%
Kansas City RoyalsGeorge Brett
74.3%
Miami MarlinsCharles Johnson
73.6%
Oakland AthleticsBob Johnson
73.6%
Philadelphia PhilliesMike Schmidt
73.4%
Milwaukee BrewersPrince Fielder
73.3%
Cleveland IndiansJim Thome
72%
Oakland AthleticsReggie Jackson
71.9%
Kansas City RoyalsBo Jackson
71.8%
Philadelphia PhilliesRyan Howard
71%
New York MetsMike Piazza
70.9%
Texas RangersFrank Howard
70.7%
Chicago CubsErnie Banks
69.6%
Chicago CubsErnie Banks
69.6%
Baltimore OriolesAdam Jones
68.8%
Seattle MarinersEdgar Martinez
68%
Colorado RockiesLarry Walker
68%
San Diego PadresCarmelo Martinez
67.9%
Washington NationalsGary Carter
63.8%
Chicago CubsRyne Sandberg
63.2%
Chicago White SoxCarlton Fisk
62.5%
Chicago White SoxPaul Konerko
62.4%
Arizona DiamondbacksJay Bell
62%
Toronto Blue JaysGeorge Bell
62%
San Francisco GiantsWillie McCovey
61.6%
Pittsburgh PiratesWillie Stargell
61.2%
Pittsburgh PiratesWillie Stargell
61.1%
Milwaukee BrewersRobin Yount
60.7%
Minnesota TwinsHarmon Killebrew
60.7%
Tampa Bay RaysEvan Longoria
60.1%
Pittsburgh PiratesRoberto Clemente
59.6%
Minnesota TwinsJoe Mauer
59.6%
Baltimore OriolesEddie Murray
59.4%
Los Angeles AngelsGarret Anderson
59.3%
New York MetsDavid Wright
59%
Washington NationalsVladimir Guerrero
58.8%
Detroit TigersAl Kaline
58.5%
Philadelphia PhilliesChase Utley
58.1%
Philadelphia PhilliesJimmy Rollins
57.8%
New York MetsCarlos Delgado
57.3%
Toronto Blue JaysCarlos Delgado
57.3%
Tampa Bay RaysJose Canseco
57.3%
Cleveland IndiansAlbert Belle
56.3%
Cleveland IndiansSandy Alomar, Jr. and John Romano
55.9%
St. Louis CardinalsMatt Holliday
55.8%
New York MetsDarryl Strawberry
55.7%
Los Angeles AngelsChili Davis
55.6%
Seattle MarinersAlvin Davis
55.6%
Atlanta BravesEddie Mathews
55.4%
Texas RangersRafael Palmeiro
55.3%
New York YankeesRobinson Cano
55.2%
Texas RangersRafael Palmeiro
55%
Team Player % Correct
Tampa Bay RaysCarlos Pena
53.8%
Boston Red SoxJason Varitek
53.4%
Cincinnati RedsBarry Larkin
53.3%
Chicago CubsHack Wilson
53.2%
Miami MarlinsPreston Wilson
53.2%
Seattle MarinersDan Wilson
53.2%
Chicago CubsRon Santo
52.7%
San Francisco GiantsJeff Kent
52.3%
Chicago White SoxCarlos Lee
52%
Houston AstrosCarlos Lee
52%
Miami MarlinsDerrek Lee
52%
Atlanta BravesJavy Lopez
51.9%
Detroit TigersAlan Trammell
51.7%
San Francisco GiantsMel Ott
51.4%
Cincinnati RedsBrandon Phillips
51.3%
Washington NationalsAndre Dawson
51.2%
Cincinnati RedsTony Perez
51.1%
New York MetsCarlos Beltran
50.7%
Los Angeles DodgersDuke Snider
50.7%
Boston Red SoxNomar Garciaparra
49.8%
San Diego PadresTony Gwynn
49.8%
Colorado RockiesTroy Tulowitzki
49.6%
Cincinnati RedsAdam Dunn
48.8%
Seattle MarinersJay Buhner
48.3%
Boston Red SoxDwight Evans
48.2%
St. Louis CardinalsBob Gibson
48.1%
Kansas City RoyalsFrank White
47.5%
Los Angeles AngelsJim Edmonds
47.3%
St. Louis CardinalsJim Edmonds
47.3%
Boston Red SoxMo Vaughn
47.2%
New York YankeesJason Giambi
47%
Oakland AthleticsDwayne Murphy
46.7%
Detroit TigersLou Whitaker
46.2%
Miami MarlinsGiancarlo Stanton
45.6%
Los Angeles AngelsTim Salmon
45.5%
Los Angeles AngelsTroy Glaus
45.2%
Arizona DiamondbacksJustin Upton
45%
Tampa Bay RaysB.J. Upton
45%
Los Angeles DodgersRoy Campanella
44.1%
Colorado RockiesVinny Castilla
43.8%
Minnesota TwinsKent Hrbek
43.2%
Seattle MarinersBret Boone
42.7%
Arizona DiamondbacksPaul Goldschmidt
42.6%
Oakland AthleticsMiguel Tejada
42%
Tampa Bay RaysCarl Crawford
41.9%
Minnesota TwinsTorii Hunter
41.4%
Washington NationalsIan Desmond
41%
New York MetsJose Reyes
40.1%
Detroit TigersTy Cobb
40.1%
Miami MarlinsDan Uggla
40.1%
Washington NationalsAndres Galarraga
39.6%
Milwaukee BrewersRyan Braun
38.8%
Miami MarlinsMike Lowell
37%
San Diego PadresKen Caminiti
37%
Baltimore OriolesBrian Roberts
36.8%
Arizona DiamondbacksMark Reynolds
36.6%
Los Angeles DodgersRon Cey
36.5%
Chicago CubsCarlos Zambrano
36%
Oakland AthleticsEric Chavez
35.5%
Chicago White SoxMagglio Ordonez
34.8%
Los Angeles DodgersPee Wee Reese
34.6%
Colorado RockiesMatt Holliday
34.1%
Boston Red SoxFred Lynn
34.1%
Colorado RockiesMike Hampton
33.8%
Minnesota TwinsGary Gaetti
33.2%
Detroit TigersLance Parrish
33.1%
Los Angeles DodgersGil Hodges
32.6%
Toronto Blue JaysVernon Wells
32%
Atlanta BravesDan Uggla
31.8%
Baltimore OriolesHarold Baines
31.7%
St. Louis CardinalsRogers Hornsby
31.7%
Arizona DiamondbacksSteve Finley
31.5%
San Diego PadresSteve Finley
31.5%
Atlanta BravesWarren Spahn
31.1%
Texas RangersAdrian Beltre
30.9%
Chicago White SoxRobin Ventura
30.8%
Detroit TigersNorm Cash
30.6%
St. Louis CardinalsTed Simmons
30.4%
Minnesota TwinsBrian Dozier
30.3%
Cleveland IndiansTravis Hafner
29.8%
Washington NationalsTim Raines
29.8%
Oakland AthleticsDave Kingman
29%
Los Angeles DodgersDon Drysdale
28.3%
Arizona DiamondbacksStephen Drew
28.3%
Toronto Blue JaysJose Bautista
27%
Tampa Bay RaysBen Zobrist
26.8%
Colorado RockiesEllis Burks
26.7%
Texas RangersNelson Cruz
26.3%
Texas RangersIan Kinsler
26.2%
Pittsburgh PiratesAndrew McCutchen
26.2%
Team Player % Correct
Pittsburgh PiratesJason Kendall
25.6%
Toronto Blue JaysAaron Hill
25.4%
Boston Red SoxBobby Doerr
25.2%
San Diego PadresBenito Santiago
24.9%
Philadelphia PhilliesPat Burrell
24.8%
Washington NationalsTim Wallach
24.6%
Los Angeles AngelsBobby Grich
24.2%
Oakland AthleticsTerry Steinbach
24.2%
Pittsburgh PiratesBill Mazeroski
23.6%
Milwaukee BrewersRickie Weeks
23.5%
Miami MarlinsDontrelle Willis
23.3%
San Diego PadresKhalil Greene
22.8%
St. Louis CardinalsEdgar Renteria
22.7%
Los Angeles DodgersDusty Baker
22.6%
Washington NationalsJose Vidro
22.5%
Los Angeles DodgersDavey Lopes
21.8%
Kansas City RoyalsHal McRae
21.3%
New York MetsDwight Gooden
21.1%
Chicago CubsGabby Hartnett
20.9%
St. Louis CardinalsKen Boyer
20.7%
Atlanta BravesRyan Klesko
20.5%
Cleveland IndiansJoe Gordon
20.2%
Kansas City RoyalsAmos Otis
19.9%
Cincinnati RedsTed Kluszewski
19.8%
Arizona DiamondbacksMicah Owings
19.7%
Atlanta BravesJeff Blauser
19.5%
Houston AstrosCesar Cedeno
19.3%
Seattle MarinersRaul Ibanez
19.3%
Minnesota TwinsTony Oliva
19%
Detroit TigersBrandon Inge
18.6%
Chicago White SoxRay Durham
18%
Arizona DiamondbacksMiguel Montero
18%
Los Angeles AngelsWally Joyner
18%
Kansas City RoyalsJohn Mayberry
17.9%
Philadelphia PhilliesMike Lieberthal
17.8%
Tampa Bay RaysToby Hall
17.8%
San Francisco GiantsRich Aurilia
17.7%
Detroit TigersWillie Horton
16.9%
Philadelphia PhilliesChuck Klein
16.6%
Toronto Blue JaysKelly Gruber
16.1%
Baltimore OriolesChris Hoiles
16%
Detroit TigersVictor Martinez
15.9%
Cleveland IndiansAl Rosen
15.3%
Chicago White SoxJose Valentin
15%
Cincinnati RedsJay Bruce
14.6%
Toronto Blue JaysErnie Whitt
14.6%
Milwaukee BrewersJeromy Burnitz
14.4%
Atlanta BravesJoe Adcock
14.4%
New York MetsEdgardo Alfonzo
13.9%
St. Louis CardinalsEnos Slaughter
13.7%
Kansas City RoyalsDanny Tartabull
13.6%
Oakland AthleticsMark Ellis
13.5%
New York MetsKevin McReynolds
13.4%
Los Angeles AngelsMike Napoli
13.3%
Toronto Blue JaysAdam Lind
12.9%
Tampa Bay RaysMatthew Joyce
12.8%
Houston AstrosJ.R. Richard
12.7%
Houston AstrosHunter Pence
12.3%
Pittsburgh PiratesArky Vaughan
12.1%
Los Angeles AngelsJim Fregosi
11.9%
Miami MarlinsCliff Floyd
11.9%
Cincinnati RedsVada Pinson
11.1%
Cleveland IndiansEarl Averill
10.9%
Houston AstrosAlan Ashby
10.6%
Houston AstrosCarlos Correa
10.3%
Cleveland IndiansJhonny Peralta
10%
Los Angeles DodgersCarl Furillo
9.6%
Milwaukee BrewersJonathan Lucroy
9.1%
Colorado RockiesWilin Rosario
8.9%
Milwaukee BrewersYovani Gallardo
8.7%
Tampa Bay RaysJulio Lugo
8.2%
Milwaukee BrewersDon Money
8.1%
Colorado RockiesClint Barmes
8%
Seattle MarinersKyle Seager
7.8%
Kansas City RoyalsMike Macfarlane
7.6%
Boston Red SoxFrank Malzone
7.4%
Minnesota TwinsZoilo Versalles
7.1%
Pittsburgh PiratesRichie Hebner
7%
Pittsburgh PiratesVern Law
6.9%
Kansas City RoyalsAngel Berroa
6.5%
San Diego PadresJedd Gyorko
6.2%
Philadelphia PhilliesLarry Christenson and Rick Wise
5.9%
Houston AstrosDoug Rader
5.8%
San Francisco GiantsTom Haller
5%
Cincinnati RedsJoe Nuxhall
4.7%
Chicago White SoxJim Landis
3.2%
San Diego PadresTim Lollar
3.2%
Texas RangersDon Lock
2.9%
Washington NationalsSteve Renko
2.7%
San Francisco GiantsJohnny Antonelli and Hal Schumacher
2.4%

You're not logged in!

Compare scores with friends on all Sporcle quizzes.
Sign Up with Email
OR
Log In

You Might Also Like...

Show Comments

Extras

Top Quizzes Today


Score Distribution

Your Account Isn't Verified!

In order to create a playlist on Sporcle, you need to verify the email address you used during registration. Go to your Sporcle Settings to finish the process.